| 000 | 02168nam a2200277Ia 4500 | ||
|---|---|---|---|
| 005 | 20181129152106.0 | ||
| 008 | 130821s1927 fr fr 1 fre | ||
| 040 |
_aCo-BoUCM _bspa _cSandra Yazo _dSandra Yazo |
||
| 041 | _afre | ||
| 082 | 0 | 4 |
_a346.44 _220 |
| 092 | _aE47N042 | ||
| 100 | 1 |
_aJosserand, Louis _d1868- _994693 |
|
| 242 | 0 | 3 |
_aEl espíritu de los derechos y su relatividad _bLa teoría del Abuso de Derechos _cLuis Josserand _yspa |
| 245 | 1 | 3 |
_aDe l’ esprit des droits et de leur relativité _bThéorie de l’ Abus des Droits _cLouis Josserand |
| 260 |
_aParís (Francia) _bLibrairie Dalloz ; Imprimerie Jouve et Cie. [Librería Dalloz ; Imprenta de Jouve y Compañía] _c1927 |
||
| 300 |
_a426 páginas _c22 x 14 cm. |
||
| 490 | 0 |
_aEssais de Teleologie Juridique [Ensayos de teleología jurídica] _v1 |
|
| 500 | _aDetalles físicos: Encuadernación rígida (holandesa) en cartón forrado en papel. Lomo de tela texturizada con adornos en dorado. Guardas. Hoja de cortesía, con anotación manuscrita. Anteportada. Portada impresa en una sola tinta. Texto impreso en una sola columna, con diferentes tipos y tamaños de letra. Notas de pie de página. Fallos y sentencias numerados. Índice. Ficha de préstamo en pág. 392 | ||
| 505 | 0 | _aIntroducción ; Parte 1 - 3: Derecho positivo francés actual ; Derecho de propiedad ; Garantías ; Derecho a recurrir a vías legales ; La patria potestad ; La potestad marital ; Derecho de contratos ; Libertades individuales y corporativas ; Poderes administrativos ; Poderes estatutarios ; Derecho internacional (privado y público) -- Los abusos de derecho según la legislación y la jurisprudencia comparadas ; Las legislaciones finalistas ; Legislaciones funcionales ; Legislaciones absolutistas -- Sistematización del abuso de derechos ; Realidad y legitimidad del concepto de “abuso” ; Criterios para establecer el abuso ; Gama de criterios de la jurisprudencia | |
| 506 | _aConsulta en sala | ||
| 546 | _aTexto en fracés | ||
| 650 | 7 |
_aDerecho _zFrancia _941553 |
|
| 650 | 7 |
_aAbuso del derecho _98293 |
|
| 690 |
_aDerecho civil _912711 |
||
| 942 |
_cLIBRO _e1 _2LOCAL _hE47N042 |
||
| 999 |
_c311243 _d311243 |
||